000 00846nam a2200193 a 4500
008 130910s2010 ||||||||||||||||| || u
020 _a9781848211858
050 _aQC 871 Geo
100 _aCarrega, Pierre
245 1 0 _aGeographical information and climatology
_cedited by Pierre Carrega
260 _aLondon:
_bJohn Wiley and Sons
_c2010
300 _axi, 274p.: ill.
490 _aGeographical information systems
500 _aIncludes Bibliogragpy
650 _aCLIMATOLOGY
650 _aGEOGRAPHIC INFORMATION SYSTEMS
995 _aMAIN LIBRARY OPEN ACCESS
_e744343
_FCBU-MAIN LIBRARY (Kitwe)
_jQC 871 Geo
_M1
_UAVAILABLE
_WSep 11, 2013
_y744343
_ZMain Library Open Access Collection
995 _aMAIN LIBRARY OPEN ACCESS
_e744344
_FCBU-MAIN LIBRARY (Kitwe)
_jQC 871 Geo
_M2
_UAVAILABLE
_WSep 11, 2013
_y744344
_ZMain Library Open Access Collection
999 _c75851
_d75851